La Caja de Ahorros Provincial /
Colección:
San Jorge,
; núm. 3 (juliol 1951), pàg. 68
Materias:
Caixa de Catalunya -- Història
Idioma:
Español
MARC
| LEADER | 00000naa a2200000 a 4500 | ||
|---|---|---|---|
| 003 | Arxiu | ||
| 005 | 20260324181048.0 | ||
| 008 | 160829s1951 spc xx s spa c | ||
| 040 | |a agdb | ||
| 100 | 1 | |a Aliberch, Ramon, |9 21621 |d 1888-1965 | |
| 245 | 1 | 3 | |a La Caja de Ahorros Provincial / |c Ramón Aliberch |
| 490 | |a San Jorge, |v núm. 3 (juliol 1951), pàg. 68 | ||
| 590 | |a Caixa de Catalunya va iniciar l'activitat amb el nom de Caja de Ahorros Provincial de la Diputación de Barcelona el 26 d'octubre de 1926. | ||
| 610 | 2 | 0 | |a Caixa de Catalunya |x Història |9 54591 |
| 773 | |t San Jorge. |g Núm. 3 (juliol 1951), pàg. 68 | ||
| 901 | |a Arxiu | ||
| 942 | |n 1 |2 udc |c ART | ||
| 952 | |0 0 |1 0 |4 0 |6 REV508 |7 1 |9 64725 |a Arxiu |b Arxiu |d 2022-12-12 |l 0 |o Rev-508 |r 2022-12-12 00:00:00 |w 2022-12-12 |y ARXIU | ||
| 999 | |c 52847 |d 52847 | ||